000 00418nam a2200157Ia 4500
008 210716s1992 xx 000 0 und d
020 _a8185623287
041 _aeng
082 _a006.3 BAHA
100 _aBahrami, A.
245 _aDesigning artificial intelligence based software.
250 _a1
260 _aNew Delhi
_bGalgotia Publications
_c1992
300 _a271
650 _aArtificial Intelligence(006.3)
999 _c182075
_d182075